000 nam a22 7a 4500
999 _c29095
_d29095
008 171106b xxu||||| |||| 00| 0 eng d
020 _a9788122433739
050 _aTA 350 .B43 2014
100 _aBhavikatti, Rjashekarappa.
_d2014.
245 _aEngineering Mechanics/
_cRajashekarappa, Bhavikatti.
250 _a4th ed.
260 _aIndia:
_bNew Age international,
_c2014.
300 _a508p. :
_bill. ;
_c24cm.
650 _amechanics.
650 _aEngineering.
942 _2lcc
_cBOOKS
_hTA 350 .B43 2014
_023